Loading...
| Fine Arts - Auditory Fine Arts | 3 | 3 | 1 | 0 | 70 | 36 | 74.50 | 2 | 5 |
| Philosophy | 2 | 1 | 0 | 0 | 40 | 26 | 54.33 | 3 | 3 |
| Religion | 1 | 2 | 0 | 0 | 35 | 74 | 101.33 | 2 | 3 |
| Fine Arts - Visual Fine Arts | 0 | 3 | 0 | 1 | 30 | 84 | 104.67 | 0 | 2 |
| History - World History | 1 | 1 | 0 | 0 | 25 | 50 | 71.50 | 0 | 2 |
| Literature - European Literature | 0 | 2 | 0 | 2 | 20 | 131 | 136.50 | 0 | 0 |
| Literature - British Literature | 0 | 2 | 0 | 0 | 20 | 77 | 97.50 | 0 | 2 |
| Literature - World Literature | 0 | 2 | 0 | 0 | 20 | 108 | 114.50 | 0 | 0 |
| Social Science | 0 | 1 | 0 | 0 | 10 | 104 | 104.00 | 0 | 0 |
| Literature - American Literature | 0 | 1 | 0 | 0 | 10 | 110 | 110.00 | 0 | 0 |
| Current Events | 0 | 1 | 0 | 0 | 10 | 114 | 114.00 | 0 | 0 |
| Pop Culture | 0 | 0 | 0 | 0 | 0 | 0.00 | 0 | 0 | |
| History - American History | 0 | 0 | 1 | 0 | -5 | 0.00 | 0 | 0 |